Landen die starten met een N - Statistieken

Algemene statistieken
  • Deze quiz is 92 keer genomen
  • De gemiddelde score is 8 van 11
Antwoordstatistieken
Land % Correct
Nederland
90%
Nepal
85%
Niger
81%
Nigeria
79%
Namibië
76%
Noorwegen
76%
Noord-Korea
71%
Nicaragua
68%
Nieuw-Zeeland
68%
Noord-Macedonië
60%
Nauru
50%
Geen overeenkomende quizzen gevonden
Scoreverdeling
Procent van Mensen met Elke Score
Percentiel versus Aantal Correcte Antwoorden
Uw Scoregeschiedenis
U heeft deze quiz nog niet genomen